|
|
|
|
| LEADER |
00000cam a2200000 c 4500 |
| 001 |
1788787854 |
| 003 |
DE-627 |
| 005 |
20251226200934.0 |
| 007 |
tu |
| 008 |
220208s2022 fr ||||| 00| ||fre c |
| 020 |
|
|
|a 9782849246818
|c : (13.00 EUR)
|9 978-2-84924-681-8
|
| 035 |
|
|
|a (DE-627)1788787854
|
| 035 |
|
|
|a (DE-599)KXP1788787854
|
| 035 |
|
|
|a (ZDB-21-EIL)5127705
|
| 040 |
|
|
|a DE-627
|b ger
|c DE-627
|e rda
|
| 041 |
|
|
|a fre
|
| 044 |
|
|
|c XA-FR
|
| 050 |
|
0 |
|a HV
|
| 082 |
0 |
|
|a 364
|
| 100 |
1 |
|
|a Lepain, Pauline
|e VerfasserIn
|4 aut
|
| 245 |
1 |
4 |
|a Les violences sexuelles en temps de conflit armé
|b institutionnalisation politique et utilisation stratégique
|c Pauline Lepain
|
| 264 |
|
1 |
|a Paris
|b Éditions du Cygne
|c [2022]
|
| 300 |
|
|
|a 101 Seiten
|
| 336 |
|
|
|a Text
|b txt
|2 rdacontent
|
| 337 |
|
|
|a ohne Hilfsmittel zu benutzen
|b n
|2 rdamedia
|
| 338 |
|
|
|a Band
|b nc
|2 rdacarrier
|
| 490 |
0 |
|
|a Géo-sécurité
|
| 856 |
4 |
2 |
|u https://swbplus.bsz-bw.de/bsz1788787854inh.htm
|m V:DE-576
|m B:DE-Frei85
|v 20230530193013
|3 Inhaltsverzeichnis
|7 1
|
| 935 |
|
|
|a mkri
|
| 951 |
|
|
|a BO
|
| ELC |
|
|
|b 1
|
| LOK |
|
|
|0 000 xxxxxcx a22 zn 4500
|
| LOK |
|
|
|0 001 4283202002
|
| LOK |
|
|
|0 003 DE-627
|
| LOK |
|
|
|0 004 1788787854
|
| LOK |
|
|
|0 005 20230511132515
|
| LOK |
|
|
|0 008 230303||||||||||||||||ger|||||||
|
| LOK |
|
|
|0 040
|a DE-Frei85
|c DE-627
|d DE-Frei85
|
| LOK |
|
|
|0 852
|a DE-Frei85
|
| LOK |
|
|
|0 852 1
|m p
|9 00
|
| LOK |
|
|
|0 938
|k p
|
| LOK |
|
|
|0 939
|a 03-03-23
|b l01
|
| ORI |
|
|
|a SA-MARC-krimdoka001.raw
|